TIMBER : (Record no. 169652)

MARC details
000 -LEADER
fixed length control field 01146aam a22003371i 4500
001 - CONTROL NUMBER
control field vtls000857563
003 - CONTROL NUMBER IDENTIFIER
control field PNM
005 - DATE AND TIME OF LATEST TRANSACTION
control field 20180923111848.0
008 - FIXED-LENGTH DATA ELEMENTS--GENERAL INFORMATION
fixed length control field 180730s2016 my o e 001 0 eng
015 ## - NATIONAL BIBLIOGRAPHY NUMBER
National bibliography number M18-09630
020 ## - INTERNATIONAL STANDARD BOOK NUMBER
International Standard Book Number 9789671404539
Qualifying information paperback
039 #9 - LEVEL OF BIBLIOGRAPHIC CONTROL AND CODING DETAIL [OBSOLETE]
Level of rules in bibliographic description 201808151449
Level of effort used to assign nonsubject heading access points azizan
Level of effort used to assign subject headings 201808071549
Level of effort used to assign classification jamilina
Level of effort used to assign subject headings 201808071445
Level of effort used to assign classification ben
040 ## - CATALOGING SOURCE
Original cataloging agency BNM
Language of cataloging eng
Transcribing agency BNM
Description conventions rda
Modifying agency PPAK
049 ## - LOCAL HOLDINGS (OCLC)
Holding library mal
082 04 - DEWEY DECIMAL CLASSIFICATION NUMBER
Classification number 338.174980595112
Edition number 23
090 00 - LOCALLY ASSIGNED LC-TYPE CALL NUMBER (OCLC); LOCAL CALL NUMBER (RLIN)
Classification number (OCLC) (R) ; Classification number, CALL (RLIN) (NR) 338.174980595112
Feature heading TIM
Feature heading KK
245 10 - TITLE STATEMENT
Title TIMBER :
Remainder of title TREASURES OF LUBUK SEMILANG, LANGKAWI, MALAYSIA /
Statement of responsibility, etc. IZHAM YUSOFF & ABDUL GHANI HUSSAIN
264 #1 - PRODUCTION, PUBLICATION, DISTRIBUTION, MANUFACTURE, AND COPYRIGHT NOTICE
Place of production, publication, distribution, manufacture Alor Setar, Kedah :
Name of producer, publisher, distributor, manufacturer BINA DARULAMAN BERHAD,
Date of production, publication, distribution, manufacture, or copyright notice [2016?]
300 ## - PHYSICAL DESCRIPTION
Extent vii, 166 pages :
Other physical details colour photographs ;
Dimensions 26 cm
336 ## - CONTENT TYPE
Content type term text
Source rdacontent
Content type term still image
Source rdacontent
337 ## - MEDIA TYPE
Media type term unmediated
Source rdamedia
338 ## - CARRIER TYPE
Carrier type term volume
Source rdacarrier
500 ## - GENERAL NOTE
General note Includes index
650 10 - SUBJECT ADDED ENTRY--TOPICAL TERM
Topical term or geographic name entry element Forest product industry
Geographic subdivision Malaysia
-- Kedah
Topical term or geographic name entry element Timber
Geographic subdivision Malaysia
-- Kedah
700 0# - ADDED ENTRY--PERSONAL NAME
Personal name Izham Yusoff,
Relator term editor.
Personal name Abdul Ghani Hussain,
Relator term editor.
710 2# - ADDED ENTRY--CORPORATE NAME
Corporate name or jurisdiction name as entry element Bina Darulaman Berhad,
Relator term issuing body.
942 ## - ADDED ENTRY ELEMENTS (KOHA)
Source of classification or shelving scheme Dewey Decimal Classification
Koha item type Book
Holdings
Withdrawn Not for loan Current library Shelving location Date acquired Full call number Barcode Date last seen Koha item type
  Not For Loan Perpustakaan Alor Setar Koleksi Kedah 12/11/2018 KK 338.174980595112 TIM A00737444 12/11/2018 Book